|
|
|
|
| LEADER |
00000cam a2200000 a 4500 |
| 001 |
UCE3150 |
| 003 |
CL-VaPUC |
| 005 |
20240705122940.0 |
| 008 |
140821e20050000ne |||||||||||||||||eng|d |
| 999 |
|
|
|c 356594
|d 356592
|
| 020 |
|
|
|a 9781402036729
|
| 040 |
|
|
|c Pontificia Universidad Católica de Valparaíso
|
| 082 |
0 |
4 |
|a 507 BOE 2005
|2 21
|
| 100 |
0 |
|
|a Boersma, Kerst
|9 575651
|
| 245 |
1 |
0 |
|a Research and the quality of science education
|
| 260 |
0 |
3 |
|a Dordrecht, Holanda
|b Springer
|c 2005
|
| 300 |
|
|
|a 507 páginas
|
| 583 |
|
|
|a last modification
|c 20140821 14:35:00
|k Rodrigo Vera
|
| 650 |
|
0 |
|a Enseñanza de las ciencias
|9 331919
|
| 700 |
0 |
|
|a Goedhart, Martin
|9 575652
|
| 700 |
0 |
|
|a Jong, Onno de
|9 575653
|
| 700 |
0 |
|
|a Eijkelhof, Harrie
|9 575654
|
| 942 |
|
|
|c BK
|2 ddc
|
| 945 |
|
|
|d 20140821 14:35:00
|a dcastane
|
| 952 |
|
|
|0 0
|1 0
|2 ddc
|3 erd
|4 0
|6 507_000000000000000_BOE_2005
|7 0
|8 A
|9 464042
|a BIBCUR
|b BIBCUR
|i 511019K
|o 507 BOE 2005
|p 511019K
|r 2025-04-22
|t 1
|w 2019-11-23
|y BK
|z Catalogado en:20140821
|k QUI
|